| 000 | 00406nam a2200121Ia 4500 | ||
|---|---|---|---|
| 008 | 260210s9999 xx 000 0 und d | ||
| 024 | _a16B-099-SE | ||
| 082 | _a006.1072 AHM | ||
| 100 | _aTouseef Ahmed | ||
| 245 | 0 | _aStudent complaint management system - Academic Project | |
| 260 | _bUITU, | ||
| 856 |
_uhttps://drive.google.com/file/d/1Q7tB7-0ttS5mUGO-yEOPGWyzdF2I2P8l/view?usp=sharing _yClick here for PDF |
||
| 999 |
_c33506 _d33506 |
||